Vývoj základných kovov na Londýnskej burze kovov Príloha Hospodárskych novín
Prehľad vývoja cien základných kovov (meď, hliník, zinok, nikel, cín, olovo) na Londýnskej burze kovov (LME) na začiatku r. 1996.
Gespeichert in:
| 1. Verfasser: | |
|---|---|
| Format: | Buchkapitel |
| Sprache: | Slowakisch |
| Schlagworte: | |
| Tags: |
Keine Tags, Fügen Sie das erste Tag hinzu!
|
MARC
| LEADER | 00000naa a2200000 4500 | ||
|---|---|---|---|
| 001 | r021174 | ||
| 005 | 20230801104653.8 | ||
| 041 | 0 | |a slo | |
| 044 | |a SK | ||
| 245 | 1 | 0 | |a Vývoj základných kovov na Londýnskej burze kovov |b Príloha Hospodárskych novín |c A. Zoller |
| 520 | |a Prehľad vývoja cien základných kovov (meď, hliník, zinok, nikel, cín, olovo) na Londýnskej burze kovov (LME) na začiatku r. 1996. | ||
| 610 | 2 | 0 | |a Veľká Británia |
| 610 | 2 | 0 | |a 1996 |
| 610 | 2 | 0 | |a Londýn |
| 610 | 2 | 0 | |a Londýnska burza kovov |
| 610 | 2 | 0 | |a burzy komoditné |
| 610 | 2 | 0 | |a kovy |
| 610 | 2 | 0 | |a meď |
| 610 | 2 | 0 | |a hliník |
| 610 | 2 | 0 | |a ceny burzové |
| 100 | 1 | |a Zoller, Alexander | |